000 00313nam a22001457a 4500
008 180919b xxu||||| |||| 00| 0 eng d
020 _a9781403948267
041 _aeng
080 _a159.9
082 _a159.9
100 _a48
101 _aPSI
245 _aChild Abuse and Neglect
_cHowe,D
942 _2udc
_cBK
999 _c48043
_d48043